000 00536nam a22001817a 4500
005 20251108164347.0
008 250721s9999 xx 000 0 ara d
082 1 4 _a811.009/ضيف
100 1 _aضيف، شوقي
245 1 0 _aالفن و مذاهبه في الشعر العربي /
250 _aط11.
264 1 _aالقاهرة :
_bدار المعارف،
_c[19-].
300 _a523 ص
490 0 _aمكتبة الدراسات الأدبية ؛20
650 1 7 _aالشعر العربي
942 _2ddc
_cBK
999 _c10267
_d10267